Cost analysis of the University of Panjab 1950-51 to 1974-75. (Record no. 12150)

MARC details
000 -LEADER
fixed length control field 00486nam a2200169Ia 4500
082 ## - DEWEY DECIMAL CLASSIFICATION NUMBER
Classification number TG.0222
100 ## - MAIN ENTRY--AUTHOR NAME
Personal name Garg, V.P.
245 #0 - TITLE STATEMENT
Title Cost analysis of the University of Panjab 1950-51 to 1974-75.
260 ## - PUBLICATION, DISTRIBUTION, ETC. (IMPRINT)
Year of publication 1981
Name of publisher Panjab University
300 ## - PHYSICAL DESCRIPTION
Number of Pages 354p.
650 ## - SUBJECT ADDED ENTRY--TOPICAL TERM
Topical Term EDUCATION, HIGHER - COSTS
650 ## - SUBJECT ADDED ENTRY--TOPICAL TERM
Topical Term COLLEGE COSTS - PUNJAB
650 ## - SUBJECT ADDED ENTRY--TOPICAL TERM
Topical Term UNIVERSITIES AND COLLEGES///PUNJAB UNIVERSITY
650 ## - SUBJECT ADDED ENTRY--TOPICAL TERM
Topical Term PUNJAB UNIVERSITY - FINANCE
710 ## - ADDED ENTRY--CORPORATE NAME
Corporate name or jurisdiction name as entry element Mathur, S.S.
942 ## - ADDED ENTRY ELEMENTS (KOHA)
Koha item type Thesis
Source of classification or shelving scheme Dewey Decimal Classification
Holdings
Withdrawn status Lost status Damaged status Not for loan Home library Current library Date acquired Bill Date Full call number Accession Number Price effective from Koha item type
        NASSDOC Library NASSDOC Library 08/10/2004 2004-10-22 TG.0222 14914 18/04/2019 Thesis